| 000 | 00772nam a2200169 4500 | ||
|---|---|---|---|
| 001 | 166991 | ||
| 003 | ES-MaACL | ||
| 005 | 20230906213434.0 | ||
| 008 | 950315s1858 fr d |||| | fre d | ||
| 040 |
_aEUS _bspa _cEUS |
||
| 100 | 1 |
_aVapereau, Gustave. _9133550 |
|
| 245 | 1 | 0 |
_aDictionnaire universel des contemporains _b: contenant toutes les personnes notables de la France et des Pays Étrangers... / _couvrage rédigé et continuellement tenu a jour avec le concours d'écrivains et de savants de tous les pays par G. Vapereau. |
| 260 |
_aParis : _bLibrairie de L. Hachette et C\pie\s, _c1858 ( _fCh. Lahure et C\pie\s) |
||
| 300 |
_aXI, 1802 p. ; _c26 cm. |
||
| 597 | 1 | _aTexto a dos col. | |
| 852 |
_aES-MaACL _jC-856-857 _z-- Enc. pasta española _z-- 1 t. en 2 v. |
||
| 999 |
_c166991 _d166991 |
||